Estructura económica de Espana : Introduccion, sector agrario

Đã lưu trong:
書目詳細資料
主要作者: Tamames, Ramón
格式: 圖書
語言:Undetermined
出版: Madrid Sociedad de Estudios y Publicaciones 1960
主題:
標簽: 添加標簽
沒有標簽, 成為第一個標記此記錄!
Thư viện lưu trữ: Trung tâm Học liệu Trường Đại học Cần Thơ
LEADER 00559nam a2200193Ia 4500
001 CTU_82165
008 210402s9999 xx 000 0 und d
082 |a 330.946 
082 |b T153/Vol.1 
100 |a Tamames, Ramón 
245 0 |a Estructura económica de Espana : 
245 0 |b Introduccion, sector agrario 
245 0 |c Ramón Tamames 
260 |a Madrid 
260 |b Sociedad de Estudios y Publicaciones 
260 |c 1960 
650 |a Economic conditions 
904 |i Trọng Hải 
980 |a Trung tâm Học liệu Trường Đại học Cần Thơ